000 00866nam a2200241Ia 4500
003 OSt
005 20220926030403.0
006 a|||||r|||| 00| 0
007 ta
008 220923b |||||||| |||| 00| 0 eng d
020 _a9780691164342
_c2243.8200000000002
037 _bP-762/15-16, 31/12/2015, Manohar Publishers & Distributors
_cGeneral Book
040 _aRTL
_cRTL
_beng
041 _2eng
_aeng
082 _aU:(G:55).73, Q5
100 _aFARRELL Justin
_9334190
245 0 _aBattle for yellowstone
_b Morality and the sacred roots of environmental conflict
260 _aPrinceton
_b& Oxford Princeton University Press
_c2015
300 _axviii, 291p
_ccm.
650 _aSociology
942 _hU:(G:55).73, Q5
_cGB
_2CC
999 _c649594
_d649594